000 01029cam a22002655a 4500
005 20091103014612.0
008 090911s2009 ii ab b 100 0 eng d
010 _aENG-95329
020 _a9788131305768
_c695.00
035 _aEN-78862
037 _aDBAD/PUB
040 _aDPL
_beng
100 _aSharma, Promila
245 _aCurriculum Development
_cby Promila Sharma
260 _aNew Delhi :
_bAPH Publishing Corporation
_c2009.
270 _a4435-36/7. Ansari road, Darya Ganj
_bNew Delhi
_e110002
300 _aix, 286p.
_c22 cm. (Hb)
500 _aIncludes bibliographical references and Index
520 _aContributed articles.
610 _aCollege of Fort St. George (Madras, India)
651 _aMadras (India)
_xIntellectual life
_y19th century.
942 _2ddc
_cEN
_mSHA
999 _c31377
_d31377